¿Cuando termina el trabajo de promoción del desarrollo comunitario? (Registro nro. 51366)
[ vista simple ]
| 000 -LÍDER | |
|---|---|
| Campo fijo de descripción fija | 01089aab a2200205 i 4500 |
| 001 - NÚMERO DE CONTROL | |
| Campo de control | 768714001 |
| 003 - IDENTIFICADOR DEL NÚMERO DE CONTROL | |
| Campo de control | CO-MdFUSB |
| 005 - FECHA Y HORA DE LA ULTIMA TRANSACCIÓN | |
| control field | 20240618062715.0 |
| 008 - ELEMENTOS DE LONGITUD FIJA -- INFORMACIÓN GENERAL | |
| Campo fijo de descripción fija -- Información general | 240416t1983 ag ||||| |||| 00| 0 spa d |
| 040 ## - FUENTE DE CATALOGACIÓN | |
| Idioma de catalogación | spa |
| Agencia que realiza la transcripción | CO-MdFUSB |
| 041 ## - CÓDIGO DE IDIOMA | |
| Código de idioma para texto/pista de sonido o título separado | spa |
| 100 1# - ASIENTO PRINCIPAL--NOMBRE PERSONAL | |
| Nombre personal | Kornfield, David E. |
| Término relacionador | autor |
| 245 ## - TÍTULO | |
| Título | ¿Cuando termina el trabajo de promoción del desarrollo comunitario? |
| Mención de responsabilidad | / David E. Kornfield |
| 300 ## - DESCRIPCIÓN FÍSICA | |
| Extensión | Volumen 2, número 2, (abril - junio, 1983), páginas: 14 - 17 |
| Dimensiones | ; 27 cm |
| 520 ## - NOTA DE RESUMEN, ETC. | |
| Nota de sumario, etc. | El desarrollo comunitario es una prioridad para quienes buscan expandir el reino de Cristo en el Tercer Mundo. Al igual que con otras asignaciones de la iglesia, se debe contemplar cómo poder determinar si el trabajo está terminado. Muchas veces se olvida hacer esta pregunta y simplemente se forman pequeños reinos donde se hacen indispensables y se crea una dependencia constante. |
| 650 #0 - ASIENTO SECUNDARIO DE MATERIA - TERMINO TEMÁTICO | |
| Término temático o nombre geográfico como elemento de entrada | Misiones |
| 9 (RLIN) | 154 |
| 653 ## - TÉRMINO DE INDIZACIÓN - NO CONTROLADO | |
| Término no controlado | Desarrollo comunitario |
| 773 0# - ASIENTO DE ITEM FUENTE | |
| Título | Iglesia y Misión |
| Biblionumber | 49402 |
| Itemnumber | 59626 |
| Parte(s) relacionada(s) / Volumen., número. (mes año), páginas | Volumen 2, número 2, (abril - junio, 1983), páginas: 14 - 17 |
| Enumeración y primera página | página: 14 |
| 942 ## - TIPO DE MATERIAL (KOHA) | |
| Tipo de Item KOHA | Artículos de Revista |
No hay ítems disponibles.
